00476nam a2200145Ia 4500008004100000020001800041050002400059100002400083245008600107250001300193260004300206300002100249500005100270521000900321140529s9999 xx 000 0 und d a9780071188609 aHD 30.28b.T53 1999 aThompson, Arthur A. aStrategic management :bconcepts /cArthur A. Thompson, Jr., A. J. Strickland III a11th ed. aNew York :bIrwin McGraw-Hill,cc1999. a360 p. ;c26 cm. aIncludes index and bibliographical references. aBSBA